000 00300nam a22001337a 4500
008 181022b xxu||||| |||| 00| 0 eng d
020 _a9780072320428
041 _aeng
080 _24 ED
_a573
100 _a11
101 _aBIO
245 _aFoundations Microbiology
_cTalaro.A
942 _2udc
_cBK
999 _c50507
_d50507